000 00620nam a2200193 a 4500
001 20283
003 CO-ViMGA
008 141112s2004 ck r 000 u spa d
020 _a9681608534
040 _aCO-ViMGA
_bspa
_cCO-ViMGA
082 0 4 _a780.9 D836b
100 1 _aDufourcq, Norbert
_929299
245 1 0 _aBreve historia de la Música
260 _aMexico :
_bFondo de Cultura Económica,
_c1995
300 _a239p
590 _aForma de adquisición : Donación Banco de la República - - Precio : 20000 - - Fecha de adquisición : Febrero 2005
650 1 4 _aMUSICA - HISTORIA Y CRITICA
_929300
942 _2ddc
_cBK
999 _c29298
_d29298